000 00685nam a2200253Ia 4500
003 OSt
005 20221007072835.0
006 a|||||r|||| 00| 0
007 ta
008 221006b |||||||| |||| 00| 0 eng d
024 _a15,833
037 _cTextual
040 _aFLL
_cFLL
_beng
041 _2eng
_aeng
082 _aX72.3.N5, K3
100 _aPotter D.C. Au.
_9691475
245 0 _aTax planning with precedents
250 _a4th
260 _aLondon
_bSweet and maxwell London
_c1963
300 _a504p
_ccm.
700 _a Monroe H.H. Au.
_9691476
942 _hX72.3.N5, K3
_cTEXL
_2CC
999 _c1147082
_d1147082